Loading...
Literature - European Literature | 0 | 6 | 1 | 0 | 55 | 55 | 94.50 | 0 | 3 |
Literature - American Literature | 0 | 5 | 2 | 0 | 40 | 79 | 105.20 | 0 | 1 |
Literature - British Literature | 0 | 4 | 0 | 0 | 40 | 88 | 111.75 | 1 | 2 |
Literature - World Literature | 0 | 5 | 3 | 1 | 35 | 76 | 114.00 | 1 | 2 |
Social Science | 0 | 2 | 0 | 1 | 20 | 133 | 137.00 | 0 | 0 |
Fine Arts - Painting & Sculpture | 0 | 1 | 0 | 0 | 10 | 143 | 143.00 | 0 | 0 |
History - American History | 0 | 1 | 0 | 0 | 10 | 137 | 137.00 | 0 | 0 |
Other Academic | 0 | 1 | 0 | 1 | 10 | 155 | 155.00 | 0 | 0 |
Philosophy | 0 | 1 | 0 | 0 | 10 | 118 | 118.00 | 0 | 0 |
Religion | 0 | 1 | 0 | 0 | 10 | 101 | 101.00 | 0 | 0 |
Science - Biology | 0 | 1 | 0 | 0 | 10 | 127 | 127.00 | 0 | 0 |
Science - Other Science | 0 | 1 | 0 | 1 | 10 | 144 | 144.00 | 0 | 0 |
History - European History | 0 | 0 | 0 | 0 | 0 | 0.00 | 0 | 0 | |
Science - Physics | 0 | 0 | 0 | 0 | 0 | 0.00 | 0 | 0 | |
Science - Chemistry | 0 | 0 | 0 | 0 | 0 | 0.00 | 0 | 0 | |
Geography | 0 | 0 | 1 | 0 | -5 | 0.00 | 0 | 0 | |
History - Other History | 0 | 0 | 1 | 0 | -5 | 0.00 | 0 | 0 | |
Mythology | 0 | 0 | 2 | 0 | -10 | 0.00 | 0 | 0 |